000 00684naa a2200217 i 4500
001 56281
003 ES-MaBCM
005 20241016111754.0
008 871116s1991 esp 000 0 spa d
021 _axx
035 _a(OCoLC)1365255036
040 _cES-MaBCM
041 0 _aspa
043 _aesp
100 1 _aAmusátegui de la Cierva, José María
_91594
245 1 0 _aProblemas actuales de la banca española
_cJosé María Amusátegui de la Cierva
650 2 7 _aBanca
_957691
651 2 4 _aEspaña
_9115342
773 0 _aEn:
_tAnales de la Real Academia de Ciencias Morales y Políticas
_dMadrid : 1991
_w104864
_gaño XLIII, n. 68, p. 375-391. - Loc. S.005
942 _cAREV
999 _c56281
_d56281